Indian Subdivision Topological Map - Statistics

General Stats
  • This quiz has been taken 38 times
  • The average score is 16 of 36
Answers on the Map
Answers color-coded by a green-red scale on the quiz's map according to % correct below.
 
Answer Stats
Answer % Correct
Andaman and Nicobar Islands
68%
Jammu and Kashmir
68%
Ladakh
60%
Lakshadweep
60%
Kerala
56%
National Capital Territory
of Delhi
56%
Tamil Nadu
56%
Uttar Pradesh
56%
Andhra Pradesh
52%
Assam
52%
Punjab
52%
Gujarat
48%
Maharashtra
48%
Rajasthan
48%
Sikkim
48%
Goa
44%
Himachal Pradesh
44%
Puducherry
44%
Uttarakhand
44%
West Bengal
44%
Arunachal Pradesh
40%
Bihar
40%
Chhattisgarh
40%
Haryana
40%
Jharkhand
40%
Karnataka
40%
Odisha
40%
Chandigarh
36%
Madhya Pradesh
36%
Telangana
36%
Tripura
36%
Meghalaya
32%
Dadra and Nagar Haveli
and Daman and Diu
28%
Manipur
28%
Mizoram
28%
Nagaland
28%
No matching quizzes found
Score Distribution
Percent of People with Each Score
Percentile by Number Answered
Your Score History
You have not taken this quiz